000 00294nam a22001217a 4500
008 180421b xxu||||| |||| 00| 0 eng d
041 _aeng
080 _a043.3
100 _a0
101 _aSHP-BA
245 _aKontrolli i Legjislativit mbi Administraten Publike
_cZeqiri, B
942 _2udc
_cBK
999 _c45352
_d45352